Busiest Airports in Europe on a Map - Statistics

General Stats
  • This quiz has been taken 240 times
  • The average score is 45 of 50
Answers on the Map
Answers color-coded by a green-red scale on the quiz's map according to % correct below.
 
Answer Stats
# Airport % Correct
22.1 mil London
100%
22.2 mil Paris
100%
20.8 mil Amsterdam
99%
7.40 mil Dublin
99%
17.1 mil Madrid
99%
9.02 mil Oslo
99%
9.83 mil Rome
99%
5.86 mil Berlin
98%
8.07 mil Athens
97%
23.4 mil Istanbul
97%
5.15 mil Kiev
97%
19.5 mil Moscow
97%
12.7 mil Barcelona
96%
5.05 mil Helsinki
96%
9.26 mil Lisbon
96%
6.53 mil Stockholm
96%
6.74 mil Brussels
95%
7.52 mil Copenhagen
95%
7.03 mil Manchester
95%
7.24 mil Milan
95%
3.83 mil Milan
95%
11.1 mil Munich
95%
5.48 mil Warsaw
95%
8.34 mil Zurich
95%
18.7 mil Frankfurt
94%
10.9 mil St. Petersburg
94%
7.81 mil Vienna
94%
3.66 mil Prague
93%
3.85 mil Budapest
92%
3.47 mil Edinburgh
91%
4.55 mil Hamburg
91%
2.79 mil Venice
91%
4.45 mil Bucharest
90%
5.60 mil Geneva
90%
4.43 mil Porto
90%
4.58 mil Nice
88%
3.35 mil Marseille
87%
2.93 mil Sofia
87%
2.86 mil Birmingham
86%
3.55 mil Lyon
86%
3.07 mil Cologne
85%
3.65 mil Catania
83%
6.56 mil Dusseldorf
83%
6.10 mil Palma
79%
5.47 mil Malaga
77%
3.21 mil Stuttgart
75%
3.13 mil Toulouse
73%
3.73 mil Alicante
60%
4.63 mil Simferopol
53%
3.07 mil Krasnodar
44%
No matching quizzes found
Score Distribution
Percent of People with Each Score
Percentile by Number Answered
Your Score History
You have not taken this quiz